Po uliciach nechodí v smokingu ani natretý na čierno : Peter Ondrija je vďačný, že aj napriek fyzickému hendikepu ho ľudia vnímajú ako Luisa Armstronga

Podrobná bibliografia
Ďalší autori: Ondrija, Peter (Interviewer)
Médium: Článok
Jazyk:Slovak
Témy:
Zdroj: 1. Košický večer. Korzár 1. 1336-5320 1. Roč. 17 (38), č. 17 (28.4.2006), s. 6
LEADER 00938nab#a2200313#ar4500
001 000079979
003 SVKKK
005 20060727074005.0
008 060607c2006 xo e slo
FMT
038 |a SVKKK 
040 |a SVKKK  |b slo  |e AACR2 
041 0 |a slo 
044 |a xo  |c SK 
080 |a 78  |2 1997 
080 |a 929 Ondrija, Peter  |2 1997 
100 0 |a kid  |4 ivr 
245 1 0 |a Po uliciach nechodí v smokingu ani natretý na čierno :  |b Peter Ondrija je vďačný, že aj napriek fyzickému hendikepu ho ľudia vnímajú ako Luisa Armstronga  |c [autor] kid 
300 |b Fotogr. 
600 1 4 |a Ondrija, Peter,  |d ?,  |x imitátor Luisa Armstronga  |z Košice (Slovensko)  |x pôsobenie 
700 1 |a Ondrija, Peter  |4 ive 
773 0 |t Košický večer. Korzár  |x 1336-5320  |g Roč. 17 (38), č. 17 (28.4.2006), s. 6 
957 |a 802 
958 |a BX 
974 |a Čr 
992 |a RBX 
BAS
852 |a SVKKK  |b BIB 
998 |a REG